[Event "AUTO-INT-1296"]
[Site "http://www.queenalice.com/game.php?id=583902"]
[Date "2009.5.6"]
[Round "1"]
[White "ronmos14"]
[Black "eldalai"]
[Result "1-0"]
[WhiteElo "1663"]
[BlackElo "1544"]

1. e4 e5 2. g4 d6 3. Bc4 Nf6 4. d3 Nxg4 5. Qf3 f6 6. h3 Nh6 7. h4 Bg4 8. Qg3 Nc6
9. Bxh6 gxh6 10. Qxg4 Nd4 11. Na3 c6 12. O-O-O d5 13. exd5 cxd5 14. Bb5+ Nxb5
15. Nxb5 a6 16. Qe6+ Be7 17. Nh3 axb5 18. a3 1-0

[Event "AUTO-INT-1296"]
[Site "http://www.queenalice.com/game.php?id=583903"]
[Date "2009.5.6"]
[Round "1"]
[White "eldalai"]
[Black "ronmos14"]
[Result "0-1"]
[WhiteElo "1556"]
[BlackElo "1651"]

1. e4 d5 2. e5 d4 3. d3 c6 4. Nf3 e6 5. Bg5 Ne7 6. Qe2 h6 7. Bf4 c5 8. Na3 Nd5
9. g3 g5 10. Qe4 Nb4 11. Bd2 Nd7 12. Bxb4 cxb4 13. Nc4 Nc5 14. Qg4 b5 15. Ncd2
Qa5 16. b3 Qa3 17. Ke2 Qb2 18. Bg2 Qxc2 19. Nxd4 Qxd3+ 20. Ke1 Rb8 0-1

[Event "AUTO-INT-1296"]
[Site "http://www.queenalice.com/game.php?id=583922"]
[Date "2009.5.6"]
[Round "1"]
[White "eldalai"]
[Black "callmitnick"]
[Result "0-1"]
[WhiteElo "1496"]
[BlackElo "1532"]

1. e4 c5 2. d4 cxd4 3. Qxd4 Nc6 4. Qc4 d6 5. Nc3 Nf6 6. f3 e5 7. Bg5 Be7 8. Bxf6
Bxf6 9. O-O-O O-O 10. Nb5 Be6 11. Qa4 Bg5+ 12. Kb1 Be7 13. Ne2 a6 14. Nbc3 Bd7
15. Qb3 Be6 16. Nd5 Bg5 17. Qxb7 Qc8 0-1

[Event "AUTO-INT-1296"]
[Site "http://www.queenalice.com/game.php?id=583923"]
[Date "2009.5.6"]
[Round "1"]
[White "callmitnick"]
[Black "eldalai"]
[Result "0-1"]
[WhiteElo "1562"]
[BlackElo "1542"]

1. e4 e5 2. Nf3 Nc6 3. Bb5 Qf6 4. Nc3 Bc5 5. d3 Nd4 6. O-O c6 7. Bc4 Nh6 8. Bxh6
gxh6 9. Nxd4 Bxd4 10. Qh5 d6 11. Rab1 b5 12. Bb3 a5 13. a3 Rg8 14. Ne2 Bg4 15.
Qxg4 Rxg4 0-1

[Event "OmarsonGrid vs Peter de Mendoza "]
[Site "http://www.queenalice.com/game.php?id=883374"]
[Date "2011.1.9"]
[Round "-"]
[White "eldalai"]
[Black "Omar"]
[Result "1-0"]
[WhiteElo "1481"]
[BlackElo "1711"]

1. e4 e5 2. Nf3 Nc6 3. Nc3 Nf6 4. b3 d6 5. Bb2 a6 6. Bc4 b5 7. Bd5 Nxd5 8. Nxd5
Bb7 9. O-O h6 10. d4 exd4 11. Nxd4 Be7 12. Nxc6 Bxc6 13. Bxg7 Rh7 14. Bd4 h5 15.
Qf3 Bd7 16. Bf6 Bg4 17. Qf4 Bxf6 18. Nxf6+ Ke7 19. Nxh7 Qg8 20. Nf6 Bh3 21.
Nxg8+ Rxg8 22. Qh4+ f6 23. Qxh3 Rg5 24. Rae1 Kd8 25. Qe6 Rg6 26. Re3 Rh6 27. Rg3
b4 28. Rg8# 1-0

[Event "Challenge"]
[Site "http://www.queenalice.com/game.php?id=907444"]
[Date "2011.3.2"]
[Round "-"]
[White "cucalegal"]
[Black "eldalai"]
[Result "0-1"]
[WhiteElo "1537"]
[BlackElo "1506"]

1. d4 d5 2. c3 Nf6 3. Nf3 Bg4 4. h3 Bxf3 5. exf3 Nc6 6. Na3 Qd7 7. Be3 e6 8. b4
O-O-O 9. Qa4 a6 10. Bd3 Nb8 11. Qxd7+ Nfxd7 12. Nc2 Nb6 13. Bd2 Na4 14. Rb1 Rd6
15. O-O b5 16. Ne3 Rc6 17. Rfc1 Nd7 18. f4 Be7 19. Ng4 Bh4 20. g3 Bf6 21. Nxf6
Nxf6 22. f5 h6 23. fxe6 fxe6 24. Bg6 Rf8 25. g4 Ng8 26. Rf1 Nxc3 27. Rb2 Ne2+
28. Kh2 Nxd4 29. Bc3 Rxc3 30. Kh1 Rxh3+ 31. Kg2 Rhf3 32. Rd2 e5 33. Bf5+ Kd8 34.
Rxd4 exd4 35. Kxf3 g6 36. Kf4 gxf5 37. Re1 fxg4+ 38. Kg3 h5 39. Kg2 h4 40. Rh1
h3+ 41. Kg3 Nh6 42. Re1 Rf3+ 43. Kh4 Rxf2 44. Re5 h2 45. Re1 Rf3 46. Kg5 Rh3 47.
Kf4 g3 48. Kf3 h1=Q+ 49. Rxh1 Rxh1 50. Kxg3 d3 51. Kg2 Ra1 52. Kf2 d2 53. Kf3
d1=Q+ 54. Kf4 Qe2 55. Kg5 Rf1 56. Kxh6 Qg2 57. a3 Rh1# 0-1

[Event "Challenge"]
[Site "http://www.queenalice.com/game.php?id=907445"]
[Date "2011.3.2"]
[Round "-"]
[White "eldalai"]
[Black "Hipatia"]
[Result "0-1"]
[WhiteElo "1506"]
[BlackElo "1500"]

1. e4 e5 2. Nf3 c5 3. Nxe5 d6 4. Nc4 Nf6 5. Nc3 Nc6 6. d3 g6 7. Bf4 h6 8. Qd2 h5
9. Nb5 Be6 10. Ncxd6+ Kd7 11. Nxb7 Qb6 12. N7d6 a6 13. Nc3 h4 14. h3 Nh5 15. Be2
Bxd6 16. Bg5 f6 17. Bxh4 Bf4 18. Qd1 Qxb2 19. Na4 Qe5 20. Nb6+ Ke7 21. Nxa8 Rxa8
22. g3 Bh6 23. c4 Ng7 24. g4 Bd7 25. Rb1 Nb4 26. a3 Qc3+ 27. Kf1 Qxa3 28. Rg1
Qc3 29. Rc1 Bxc1 30. e5 g5 31. Bg3 a5 32. f3 Be3 33. Bf2 Qxe5 0-1

[Event "Challenge"]
[Site "http://www.queenalice.com/game.php?id=912965"]
[Date "2011.3.15"]
[Round "-"]
[White "eldalai"]
[Black "cucalegal"]
[Result "0-1"]
[WhiteElo "1523"]
[BlackElo "1670"]

1. e4 e5 2. Nf3 Nc6 3. Bc4 Nf6 4. d3 Bc5 5. O-O d6 6. Ng5 Rf8 7. Nc3 h6 8. Nxf7
Rxf7 9. Bxf7+ Kxf7 10. Qf3 Nd4 11. Qd1 Bg4 12. Qd2 Bb4 13. f3 Bd7 14. a3 Bc5 15.
Kh1 Nh5 16. Ne2 a5 17. Nxd4 Bxd4 18. c3 Bc5 19. b4 axb4 20. cxb4 Bd4 21. Bb2
Bxb2 22. Qxb2 Qg5 23. Rfe1 Nf4 24. Rec1 Nxd3 25. Qc2 Nxc1 26. Qxc1 Qxc1+ 27.
Rxc1 c6 28. Rd1 Rxa3 29. h3 Ke6 30. Kh2 Rb3 31. Kg3 Rxb4 32. Kh4 Be8 33. g4 Rb3
34. g5 hxg5+ 35. Kxg5 Rxf3 36. Rg1 Rxh3 37. Kg4 Rh6 38. Kf3 Kf6 39. Rb1 b5 40.
Rc1 Ke6 41. Ke3 Rh3+ 42. Kd2 g5 43. Rg1 Rh5 44. Rf1 Rh2+ 45. Ke1 Rh4 46. Rf8
Rxe4+ 47. Kf2 Ke7 48. Rh8 Rf4+ 49. Kg3 e4 0-1

[Event "Let's Play 507"]
[Site "http://www.queenalice.com/game.php?id=1762476"]
[Date "2021.6.24"]
[Round "-"]
[White "digger"]
[Black "eldalai"]
[Result "1-0"]
[WhiteElo "1486"]
[BlackElo "1521"]

1. e3 e5 2. d4 d6 3. Bc4 Nc6 4. d5 Nce7 5. e4 Nf6 6. Qf3 b6 7. Bg5 h6 8. Bxf6
gxf6 9. Qxf6 Rg8 10. Be2 Bg4 11. h3 Bxe2 12. Nxe2 Rxg2 13. Qf3 Rg5 14. h4 Rg8
15. Nbc3 Ng6 16. h5 Nh4 17. Qh3 Ng2+ 18. Kd2 Qg5+ 19. Kd1 a5 20. Nb5 Rc8 21.
Qxc8+ Ke7 22. Qxc7+ Kf6 23. Qd8+ Be7 24. Qxb6 Qg4 25. Rg1 Qf3 26. Nc3 Qxf2 27.
Qxf2+ 1-0

[Event "Let's Play 508"]
[Site "http://www.queenalice.com/game.php?id=1762477"]
[Date "2021.6.24"]
[Round "-"]
[White "eldalai"]
[Black "digger"]
[Result "1-0"]
[WhiteElo "1505"]
[BlackElo "1508"]

1. e4 Nc6 2. Nc3 e5 3. Nf3 Bc5 4. d3 g5 5. Bxg5 f6 6. Bh4 Nh6 7. h3 Be7 8. Nd5
Bc5 9. Bxf6 Be7 10. Bxh8 Kf7 11. Nxe5+ Nxe5 12. Bxe5 Ke6 13. Qh5 Qf8 14. Nxc7#
1-0

[Event "Let's Play 509"]
[Site "http://www.queenalice.com/game.php?id=1762478"]
[Date "2021.6.24"]
[Round "-"]
[White "digger"]
[Black "eldalai"]
[Result "1-0"]
[WhiteElo "1561"]
[BlackElo "1514"]

1. Nf3 b6 2. Nc3 Bb7 3. e4 d6 4. Bb5+ Bc6 5. Bxc6+ Nxc6 6. d4 e5 7. d5 Nb4 8. a3
Na6 9. O-O Nh6 10. Nb5 Nc5 11. Re1 Be7 12. b4 Na4 13. c3 Qd7 14. Qxa4 a6 15.
Bxh6 gxh6 16. Nxc7+ Kd8 17. Qxd7+ Kxd7 18. Nxa8 Rxa8 19. Re3 Rf8 20. a4 f5 21.
c4 f4 22. Re2 h5 23. a5 h4 24. h3 Bd8 25. axb6 Bxb6 26. Ng5 f3 27. Nxf3 h5 28.
Rxa6 Bd4 29. Nxd4 Rc8 30. Rc6 Ra8 31. b5 exd4 32. Rd2 Ra4 33. Rxd4 Ra1+ 34. Kh2
Rf1 35. f3 1-0

[Event "Let's Play Chess!"]
[Site "http://www.queenalice.com/game.php?id=1762664"]
[Date "2021.6.24"]
[Round "-"]
[White "eldalai"]
[Black "igorjava"]
[Result "0-1"]
[WhiteElo "1522"]
[BlackElo "1995"]

1. d4 d5 2. Nc3 Nf6 3. Nf3 Bg4 4. e3 e6 5. Be2 c5 6. Ne5 Bxe2 7. Qxe2 a6 8. O-O
c4 9. Qf3 Be7 10. b4 Bxb4 11. Bd2 O-O 12. Rab1 Bxc3 13. Bxc3 b6 14. a4 Qc7 15.
h4 a5 16. h5 h6 17. g4 Ne4 18. Be1 Nc6 19. Nxc4 Rab8 20. Nd2 f5 21. gxf5 exf5
22. Rb5 Na7 23. Rxd5 Qxc2 24. Rxf5 Nxd2 25. Bxd2 Rxf5 26. Qe2 Qe4 27. f4 Qd5 28.
Rc1 Rxh5 29. e4 Re8 30. e5 Rh1+ 31. Kf2 Rh2+ 32. Ke3 Rxe2+ 33. Kxe2 Rc8 34. Rb1
Qe4+ 35. Be3 Qxb1 36. e6 Qe4 37. d5 Qxd5 38. e7 Rc2+ 39. Bd2 Qxd2+ 40. Kf3 Qe2+
0-1

[Event "Let's Play Chess!"]
[Site "http://www.queenalice.com/game.php?id=1762780"]
[Date "2021.6.24"]
[Round "-"]
[White "charles31"]
[Black "eldalai"]
[Result "0-1"]
[WhiteElo "1643"]
[BlackElo "1500"]

1. e4 Nf6 2. d4 Nxe4 3. f3 Nf6 4. Bg5 d5 5. Bb5+ c6 6. Bd3 Na6 7. a3 e6 8. Bxf6
Qxf6 9. Qe2 Qxd4 10. c3 Qb6 11. b4 c5 12. b5 Nc7 13. a4 c4 14. Bc2 g6 15. Nh3
Bh6 16. Nf2 O-O 17. O-O Ne8 18. Kh1 Nf6 19. Nd2 a6 20. bxa6 Rxa6 21. Rfb1 Qa5
22. Rb4 Nh5 23. Rab1 Ra7 24. Ng4 Bf4 25. Ne5 Qc7 26. Ng4 Bg3 27. Nf6+ Nxf6 28.
hxg3 Qxg3 29. Kg1 Nh5 30. Qf2 Re8 31. Nf1 Qxf2+ 32. Kxf2 Nf4 33. g3 Nd3+ 34.
Bxd3 b5 35. Bc2 Bd7 36. axb5 Ra2 37. R4b2 Rea8 38. b6 Bc8 39. b7 Bxb7 40. Ne3
Bc6 41. Rb8+ Rxb8 42. Rxb8+ Kg7 43. Ke1 Ra1+ 44. Kf2 h5 45. Ng2 e5 46. Rc8 Bd7
47. Rc7 Bh3 48. Ne3 d4 49. cxd4 exd4 50. Nxc4 Ra2 51. Ne5 Kf6 52. Nxf7 d3 53.
Ke1 dxc2 54. Nd6 Ke6 55. Ne4 Bf5 56. Kd2 Bxe4 57. fxe4 g5 58. Rc5 Kf6 59. Kd3 h4
60. gxh4 gxh4 61. Kd2 h3 62. Rh5 c1=Q+ 63. Kxc1 h2 64. Kb1 Rg2 65. e5+ Ke6 66.
Kc1 Rg1+ 0-1

[Event "Let's Play Chess!"]
[Site "http://www.queenalice.com/game.php?id=1762969"]
[Date "2021.6.25"]
[Round "-"]
[White "charles31"]
[Black "eldalai"]
[Result "1/2-1/2"]
[WhiteElo "1743"]
[BlackElo "1504"]

1. d4 d5 2. Nc3 e6 3. a3 Nc6 4. Nf3 g6 5. e4 Bg7 6. e5 f6 7. exf6 Bxf6 8. Be3
Nge7 9. Bb5 Bd7 10. Bh6 Nf5 11. Qd2 Nfxd4 12. Bxc6 Bxc6 13. Nxd4 Qd6 14. O-O
O-O-O 15. Rfe1 e5 16. Nxc6 Qxc6 17. Rad1 d4 18. Ne4 Bh4 19. Re2 Rhg8 20. Bg5
Bxg5 21. Nxg5 Rge8 22. Nxh7 Rd7 23. Ng5 Qf6 24. Nf3 c5 25. Ng5 Rde7 26. Ne4 Qb6
27. b4 Qc6 28. Nxc5 g5 29. Qxg5 e4 30. Rxd4 e3 31. Qf5+ Kb8 32. Qf4+ Ka8 33. c4
b6 34. Na6 exf2+ 35. Kf1 Rxe2 36. b5 Re1+ 37. Kxf2 R8e2+ 38. Kg3 Qxg2+ 39. Kh4
Qxh2+ 40. Qxh2 Rxh2+ 41. Kg3 Rh8 42. Kf2 Re7 43. Rf4 Rh2+ 44. Kg3 Rh8 45. Nb4
Kb7 46. Nd5 Reh7 47. a4 Rh3+ 48. Kg2 Kc8 49. Ne7+ Kd7 1/2-1/2

[Event "Challenge"]
[Site "http://www.queenalice.com/game.php?id=1762997"]
[Date "2021.6.25"]
[Round "-"]
[White "eldalai"]
[Black "slowcheetah"]
[Result "0-1"]
[WhiteElo "1521"]
[BlackElo "1440"]

1. e4 c5 2. d3 d6 3. Nc3 a6 4. Nd5 e6 5. Nf4 d5 6. Nf3 Nf6 7. Nd2 e5 8. Nh5 Qa5
9. Nxf6+ gxf6 10. exd5 f5 11. Qe2 Bg7 12. c3 Qa4 13. Qh5 O-O 14. Nf3 h6 15. Bxh6
Qc2 16. Bxg7 Kxg7 17. Ng5 Qxb2 18. Rd1 Qxc3+ 19. Ke2 Nd7 20. f3 Nf6 21. Qh4 Rh8
22. Qg3 Nh5 23. Qf2 Nf4+ 24. Ke3 Bd7 25. g3 Nxd5+ 26. Ke2 Ba4 27. Bh3 Bxd1+ 28.
Rxd1 Rh5 29. Ne4 fxe4 30. fxe4 Nb4 31. Bd7 Nxa2 32. Qf3 Rxh2+ 33. Kf1 Nc1 34.
Qg4+ Kf8 35. Qf5 Qc2 36. Be6 Qxd1# 0-1